| 000 | 00400nam a2200145Ia 4500 | ||
|---|---|---|---|
| 008 | 230917s9999||||xx |||||||||||||| ||und|| | ||
| 040 |
_e213942 _aMAIN |
||
| 041 | _aEnglish | ||
| 082 | _a515.353 S89P | ||
| 100 | _aSauvigny, Friedrich | ||
| 245 | 0 | _aPartial differential equations 2: Functional analytic methods | |
| 260 |
_aBerlin _bSpringer-Verlage _c2012 |
||
| 300 | _axiv, 388 p. | ||
| 942 | _cBK | ||
| 999 |
_c167964 _d167964 |
||